00612nam a22002057a 450000500170000001000280001702000260004503500170007103500130008803700140010108200060011510000210012124501060014226000300024827000460027830000280032450000120035270000240036470000180038820190816115248.0 a1819CHEN B-719469-489 a9781784759797c299.00 aB-719469-489 aB-728601 bBlueberry aN aPatterson, James aUnbelievably boring bart /cby James Patterson [and] Duane Swierczynski ; illustrated by Xavier Bonet aLondonbYoung Arrowc2018 a20 Vauxhall Bridge RoadbLondoneSW1V 2SA a258p.:bill.c20cm(pbk) aAirport aSwierczynski, Duane aBonet, Xavier